Premier League 24/25 - nagła śmierć - Statystyki

Ogólne statystyki
  • Ten quiz został rozwiązany 1 683 razy
  • Średni wynik to 13 z 20
Answers on the Grid
Answers color-coded by a green-red scale on the quiz's grid according to % correct below.
Tottenham
Aston Villa
Sunderland
Derby County
Stoke City
Millwall
West Ham
Leeds
Oxford United
Newcastle
Preston North End
Chelsea
Luton Town
Manchester United
Swansea City
Burnley
Coventry City
Bournemouth
Leicester
Blackburn Rovers
Cardiff City
Nottingham Forest
Fulham
Manchester City
Sheffield Wednesday
Sheffield United
Watford
Everton
Arsenal
Ipswich Town
Southampton
Bristol City
Brighton
Liverpool
West Brom
Norwich City
Wolverhampton
Brentford
Hull City
Crystal Palace
 
Statystyki odpowiedzi
Odpowiedź % Poprawnych
Tottenham
97%
Aston Villa
95%
West Ham
79%
Chelsea
76%
Newcastle
74%
Manchester United
71%
Manchester City
63%
Arsenal
61%
Liverpool
61%
Nottingham Forest
59%
Crystal Palace
57%
Everton
57%
Fulham
57%
Leicester
57%
Bournemouth
56%
Wolverhampton
56%
Brighton
55%
Southampton
53%
Brentford
51%
Ipswich Town
46%
Nie znaleziono quizów pasujących do podanych kryteriów
Rozkład punktacji
Procent ludzi z każdym wynikiem
Percentyl według liczby udzielonych odpowiedzi
Twoja historia wyników
Nie rozwiązałeś tego quizu